[Event "Lipetsk Region-ch Seniors"]
[Site "Lipetsk"]
[Date "2009.03.08"]
[Round "1"]
[White "Zakorko, Vitaly"]
[Black "Kasantsev, Anatolij B"]
[Result "1-0"]
[WhiteElo "1902"]
[BlackElo "2105"]
[PlyCount "51"]
[EventDate "2009.03.08"]
[EventType "swiss"]
[EventRounds "9"]
[EventCountry "RUS"]
[SourceTitle "EXT 2022"]
[Source "ChessBase"]
[SourceDate "2021.10.06"]
[SourceVersion "1"]
[SourceVersionDate "2021.10.06"]
[SourceQuality "1"]

1. e4 c5 2. Nf3 e6 3. Be2 Nc6 4. c3 Nf6 5. e5 Nd5 6. 0-0 d6 7. d4 cxd4 8. cxd4 Be7 9. a3 0-0 10. Nc3 dxe5 11. dxe5 Nxc3 12. bxc3 Qa5 13. Bf4 Qxc3 14. Qa4 Qa5 15. Qe4 Qd5 16. Qc2 Nd4 17. Nxd4 Qxd4 18. Bg3 Qc5 19. Qe4 Rb8 20. Rfc1 Qa5 21. h4 Bd7 22. Bd3 g6 23. h5 Bc6 24. Qg4 Qd5 25. Bf1 Rbd8 26. f4 1-0

[Event "Lipetsk Region-ch Seniors"]
[Site "Lipetsk"]
[Date "2008.03.31"]
[Round "6"]
[White "Zakorko, Vitaly"]
[Black "Degtiarev, Viktor"]
[Result "1-0"]
[WhiteElo "1911"]
[BlackElo "1889"]
[PlyCount "106"]
[EventDate "2008.03.29"]
[EventType "swiss"]
[EventRounds "9"]
[EventCountry "RUS"]
[SourceTitle "EXT 2022"]
[Source "ChessBase"]
[SourceDate "2021.10.06"]
[SourceVersion "1"]
[SourceVersionDate "2021.10.06"]
[SourceQuality "1"]

1. d4 c5 2. d5 d6 3. e4 Nf6 4. Qd3 e6 5. c4 exd5 6. cxd5 Be7 7. Nc3 Nbd7 8. f4 0-0 9. Nf3 Re8 10. Be2 Bf8 11. 0-0 a6 12. a4 h6 13. h3 Qc7 14. a5 Rb8 15. Nd2 b5 16. axb6 Nxb6 17. Qg3 Ra8 18. Bd3 Nbd7 19. Nc4 Bb7 20. Bd2 Kh8 21. Rae1 Nb6 22. Qf3 Nxc4 23. Bxc4 Re7 24. e5 Ne8 25. Ne4 dxe5 26. fxe5 Qxe5 27. Bc3 Qc7 28. Qh5 f6 29. Qg6 Bc8 30. Ng3 Rxe1 31. Rxe1 Nd6 32. Bd3 f5 33. Qxh6+ Kg8 34. Qf4 Qf7 35. Re5 g6 36. Qf3 Bg7 37. Ne2 Bxe5 38. Bxe5 Nb5 39. Bc4 Ra7 40. Nf4 Kf8 41. Qg3 Rd7 42. Nxg6+ Ke8 43. Nf4 Nd6 44. b3 Bb7 45. Bxd6 Rxd6 46. Qe3+ Qe7 47. Qxc5 Rd7 48. Qd4 Qe1+ 49. Kh2 Qe4 50. Qh8+ Ke7 51. Qh6 Qe5 52. g3 Qb2+ 53. Kg1 Qc1+ 1-0